La Lune - Statistiques

Statistiques générales
  • Ce quiz a été pris 50 fois
  • Le résultat moyen est 6 sur 8
Statistiques - réponses
Question Réponse % Correct
Quelle est la particularité de la Lune par rapport à la Terre ? C’est l’unique satellite naturel de la Terre
100%
Quelle est la durée du cycle lunaire (ou lunaison) ? Environ 29 jours et 12 heures
92%
Pourquoi n’y a-t-il pas une éclipse de Lune à chaque pleine Lune ? Parce que son orbite est inclinée de 5° par rapport au plan de l’écliptique
88%
Comment s’appelle la phase où la Lune est totalement visible depuis la Terre ? Pleine Lune
88%
À quelle distance moyenne se trouve la Lune de la Terre ? 384 400 km
83%
Pourquoi voit-on toujours la même face de la Lune depuis la Terre ? Parce qu’elle tourne sur elle-même à la même vitesse qu’elle tourne autour de la Terre
79%
Combien de temps après la nouvelle Lune se produit la pleine Lune ? Environ 14 jours et 18 heures
58%
Quelle est la lettre formée lorsqu’on ajoute une barre sur le côté de la Lune au premier quartier ? La lettre "p"
46%
Aucun quiz correspondant
Distribution des résultats
% des personnes avec chaque résultat
Percentile par nombre de réponses
Votre historique - résultats
Vous n’avez pas pris ce quiz